01964nam a2200409Ia 4500001000900000003000500009005001700014008004100031010001100072040000900083082002000092100003300112245012400145260003500269300001100304500014500315503002200460504002800482505010200510590002000612650003100632650003200663650002900695650002600724700004300750700003800793901002000831902000600851905006300857942001500920999001900935952011200954952012201066952012201188952012201310952012201432dia_1545CHAP20251023152516.0220117s1970 xx 000 0 und d a172088 cCHAP a697.93 J46 1970 aJennings, Burgess H.9150970 aAire acondicionado y refrigeración /c Burgess H. Jennings y Samuel R. Lewis ; traducción Armando Garza Cárdenas aMéxico :b C.E.C.S.A,c1970 a800 p. aTítulo original: Air conditioning and refrigeration \ El ejemplar 2 viene en 4 tomos y fue mutilado. Carece de las cartas psicrométricas aI. 136404 (ej. 2) aIncluye bibliografías a3 cartas psicrométricas \ Temperaturas normales \ 2. Temperaturas altas \ 3. Bajas temperaturas aTH7687 J46 1970 aAir conditioning 9150971 aAire acondiconado 9150972 aRefrigeración 995611 aRefrigeration9146930 aGarza Cárdenas, Armando, tr.9150957 aLewis, Samuel R., coaut. 9150973 a697.93 J46 1970 aM a5232271970 mx admn8222223322spa16 cLIBRO2ddc c172088d172088 00102ddc40708GRALaIA_bIA_c1d2022-01-18f1l0pdia_000968r2022-01-18 00:00:00t1w2022-01-18yLIBRO 00102ddc40708GRALaIA_bIA_c1d2022-01-18f1h Tomo: 4l0pdia_001367r2022-01-18 00:00:00t2w2022-01-18yLIBRO 00102ddc40708GRALaIA_bIA_c1d2022-01-18f1h Tomo: 1l0pdia_009982r2022-01-18 00:00:00t2w2022-01-18yLIBRO 00102ddc40708GRALaIA_bIA_c1d2022-01-18f1h Tomo: 2l0pdia_009983r2022-01-18 00:00:00t2w2022-01-18yLIBRO 00102ddc40708GRALaIA_bIA_c1d2022-01-18f1h Tomo: 3l0pdia_009984r2022-01-18 00:00:00t2w2022-01-18yLIBRO